<?xml version="1.0" encoding="UTF-8"?>
<record
    xmlns:xsi="http://www.w3.org/2001/XMLSchema-instance"
    xsi:schemaLocation="http://www.loc.gov/MARC21/slim http://www.loc.gov/standards/marcxml/schema/MARC21slim.xsd"
    xmlns="http://www.loc.gov/MARC21/slim">

  <leader>00855nam a2200181Ia 4500</leader>
  <controlfield tag="008">100920s9999    xx            000 0 und d</controlfield>
  <datafield tag="082" ind1=" " ind2=" ">
    <subfield code="b">75023</subfield>
    <subfield code="a">491.462 &#x925; 99</subfield>
  </datafield>
  <datafield tag="100" ind1=" " ind2=" ">
    <subfield code="a">&#x938;&#x93E;&#x933;&#x935;&#x940; &#x926;&#x93F;&#x932;&#x940;&#x92A;.</subfield>
  </datafield>
  <datafield tag="245" ind1=" " ind2=" ">
    <subfield code="a">&#x921;&#x93E;&#x92F;&#x928;&#x93E;&#x938;&#x949;&#x930; / &#x906;&#x92A;&#x932;&#x94D;&#x92F;&#x93E;&#x915;&#x921;&#x947; &#x90F;&#x915;&#x91A; &#x92A;&#x943;&#x925;&#x94D;&#x935;&#x940; &#x906;&#x939;&#x947; !/&#x907;&#x924;&#x930; &#x90F;&#x915;&#x93E;&#x902;&#x915;&#x93F;&#x915;&#x93E;.</subfield>
  </datafield>
  <datafield tag="260" ind1=" " ind2=" ">
    <subfield code="b">&#x905;&#x928;&#x941;&#x92C;&#x902;&#x927; &#x92A;&#x94D;&#x930;&#x915;&#x93E;&#x936;&#x928;, &#x92A;&#x941;&#x923;&#x947; 43.</subfield>
    <subfield code="c">1999</subfield>
  </datafield>
  <datafield tag="300" ind1=" " ind2=" ">
    <subfield code="a">48</subfield>
    <subfield code="b">&#x938;&#x93E;&#x927;&#x940;</subfield>
  </datafield>
  <datafield tag="365" ind1=" " ind2=" ">
    <subfield code="b">25</subfield>
  </datafield>
  <datafield tag="520" ind1=" " ind2=" ">
    <subfield code="a">&#x928;&#x93E;&#x91F;&#x915;.</subfield>
  </datafield>
  <datafield tag="630" ind1=" " ind2=" ">
    <subfield code="a">&#x921;&#x93E;&#x92F;&#x928;&#x93E;&#x938;&#x949;&#x930; / &#x906;&#x92A;&#x932;&#x94D;&#x92F;&#x93E;&#x915;&#x921;&#x947; &#x90F;&#x915;&#x91A; &#x92A;&#x943;&#x925;&#x94D;&#x935;&#x940; &#x906;&#x939;&#x947; !/&#x907;&#x924;&#x930; &#x90F;&#x915;&#x93E;&#x902;&#x915;&#x93F;&#x915;&#x93E;.</subfield>
  </datafield>
  <datafield tag="650" ind1=" " ind2=" ">
    <subfield code="a">&#x928;&#x93E;&#x91F;&#x915;.</subfield>
  </datafield>
  <datafield tag="730" ind1=" " ind2=" ">
    <subfield code="a">&#x921;&#x93E;&#x92F;&#x928;&#x93E;&#x938;&#x949;&#x930; / &#x906;&#x92A;&#x932;&#x94D;&#x92F;&#x93E;&#x915;&#x921;&#x947; &#x90F;&#x915;&#x91A; &#x92A;&#x943;&#x925;&#x94D;&#x935;&#x940; &#x906;&#x939;&#x947; !/&#x907;&#x924;&#x930; &#x90F;&#x915;&#x93E;&#x902;&#x915;&#x93F;&#x915;&#x93E;.</subfield>
  </datafield>
  <datafield tag="942" ind1=" " ind2=" ">
    <subfield code="c">BOOK</subfield>
  </datafield>
  <datafield tag="999" ind1=" " ind2=" ">
    <subfield code="c">716566</subfield>
    <subfield code="d">716563</subfield>
  </datafield>
  <datafield tag="952" ind1=" " ind2=" ">
    <subfield code="0">0</subfield>
    <subfield code="1">0</subfield>
    <subfield code="4">0</subfield>
    <subfield code="7">0</subfield>
    <subfield code="a">SATVAC</subfield>
    <subfield code="b">SATVAC</subfield>
    <subfield code="c">491.462 &#x925; 99</subfield>
    <subfield code="d">0000-00-00</subfield>
    <subfield code="g">25.00</subfield>
    <subfield code="l">0</subfield>
    <subfield code="p">SATVAC-75023</subfield>
    <subfield code="r">2010-09-20 00:00:00</subfield>
    <subfield code="w">2010-09-20</subfield>
    <subfield code="y">BOOK</subfield>
    <subfield code="z">&#x926;&#x947;&#x935;&#x918;&#x947;&#x935;</subfield>
  </datafield>
</record>
